[Event "CAN-op"]
[Site "Windsor CAN"]
[Date "2016.07.12"]
[Round "3.13"]
[White "Humphreys, Michael"]
[Black "Zhang, Henry"]
[Result "1-0"]
[WhiteElo "2341"]
[BlackElo "2096"]
[PlyCount "87"]
[EventDate "2016.07.10"]
[EventType "swiss"]
[EventRounds "9"]
[EventCountry "CAN"]

1. Nf3 Nf6 2. c4 g6 3. b3 Bg7 4. Bb2 O-O 5. g3 c6 6. Bg2 d5 7. O-O Re8 8. d3
Nbd7 9. Nbd2 e5 10. cxd5 Nxd5 11. Qc2 Qe7 12. a3 a5 13. Rac1 h6 14. Rfe1 N7b6
15. e4 Nc7 16. d4 exd4 17. Nxd4 Ne6 18. Nf5 gxf5 19. exf5 Qf8 20. fxe6 Bxe6 21.
Ne4 Nd5 22. Nc5 Rab8 23. Nxe6 Rxe6 24. Rxe6 fxe6 25. Bh3 Re8 26. Re1 Qf7 27.
Re4 Qg6 28. Bxg7 Kxg7 29. Rg4 Qxg4 30. Bxg4 Nf6 31. Bh3 h5 32. Qc5 Ne4 33. Qxh5
Nf6 34. Qxa5 Nd5 35. Qd2 Kf7 36. Qd3 Ke7 37. Qh7+ Kd6 38. Qxb7 Re7 39. Qb8+ Rc7
40. Bg2 Kd7 41. h4 Rc8 42. Qxc8+ Kxc8 43. Bxd5 cxd5 44. h5 1-0

[Event "CAN-op"]
[Site "Windsor CAN"]
[Date "2016.07.12"]
[Round "3.15"]
[White "Teh, Aron"]
[Black "D'Amore, Tyler"]
[Result "1-0"]
[WhiteElo "2328"]
[BlackElo "1946"]
[PlyCount "61"]
[EventDate "2016.07.10"]
[EventType "swiss"]
[EventRounds "9"]
[EventCountry "CAN"]

1. d4 Nf6 2. c4 e6 3. Nf3 d5 4. g3 Be7 5. Bg2 O-O 6. O-O c6 7. Nc3 Nbd7 8. Re1
b6 9. e4 dxe4 10. Ng5 Bb7 11. Ngxe4 Nxe4 12. Nxe4 Nf6 13. Be3 Nxe4 14. Bxe4 Qc7
15. Qc2 g6 16. c5 bxc5 17. dxc5 Rad8 18. Qc3 e5 19. f4 f5 20. Bc2 Bf6 21. Bb3+
Kg7 22. fxe5 Bxe5 23. Bh6+ Kxh6 24. Rxe5 Rfe8 25. Qe3+ f4 26. gxf4 Qd7 27. f5+
Kg7 28. f6+ Kxf6 29. Rf1+ Kg7 30. Rf7+ Qxf7 31. Bxf7 1-0

[Event "CAN-op"]
[Site "Windsor CAN"]
[Date "2016.07.12"]
[Round "3.17"]
[White "Fan, Run Kun"]
[Black "Ruelland, Geoffrey"]
[Result "1-0"]
[WhiteElo "2074"]
[BlackElo "2106"]
[PlyCount "85"]
[EventDate "2016.07.10"]
[EventType "swiss"]
[EventRounds "9"]
[EventCountry "CAN"]

1. c4 c6 2. Nf3 Nf6 3. g3 d5 4. b3 Bf5 5. Bg2 e6 6. O-O Bd6 7. Bb2 Nbd7 8. d3
O-O 9. Nbd2 Qe7 10. a3 a5 11. Re1 e5 12. e4 dxe4 13. Nxe4 Nxe4 14. dxe4 Bg6 15.
Nh4 Rfd8 16. Nf5 Bxf5 17. exf5 Nc5 18. Qc2 a4 19. b4 Nb3 20. Rad1 Bc7 21. Bc3
Rxd1 22. Rxd1 Rd8 23. Re1 f6 24. c5 Qd7 25. Bf1 Nd4 26. Bxd4 Qxd4 27. Qxa4 Kh8
28. Qa7 Rb8 29. Ba6 Qd2 30. Rf1 e4 31. Bxb7 e3 32. Bxc6 e2 33. Qxc7 exf1=Q+ 34.
Kxf1 Re8 35. Bxe8 Qd1+ 36. Kg2 Qd5+ 37. f3 Qd2+ 38. Kh3 Qh6+ 39. Bh5 Qxh5+ 40.
Kg2 Qe8 41. Kf2 h6 42. Qd6 Qa4 43. Qd3 1-0

[Event "CAN-op"]
[Site "Windsor CAN"]
[Date "2016.07.12"]
[Round "3.18"]
[White "Karlow, Nick"]
[Black "Drkulec, Vladimir"]
[Result "1-0"]
[WhiteElo "2053"]
[BlackElo "2031"]
[Annotator ",Microsoft"]
[PlyCount "61"]
[EventDate "2016.07.10"]
[EventType "swiss"]
[EventRounds "9"]
[EventCountry "CAN"]

1. Nf3 Nf6 2. d4 b6 3. Bf4 Bb7 4. h3 e6 5. e3 Nc6 6. Be2 Ne7 7. O-O Ng6 8. Bh2
Be7 9. Nbd2 O-O 10. c3 d6 11. Qc2 Rc8 12. Rad1 c5 13. Rfe1 a6 14. Qb1 b5 15. e4
Qb6 16. Bd3 Nh5 17. e5 cxd4 18. exd6 Bxd6 19. Bxd6 Qxd6 20. Ne4 Qd5 21. Bf1
Nhf4 22. Nxd4 Qe5 23. Re3 Nd5 24. Rg3 Ndf4 25. Re1 Qc7 26. Ne2 Nd5 27. h4 f6
28. h5 Nge7 29. Nd4 Qb6 30. Qd1 Rf7 31. a4 {etc.} 1-0

[Event "CAN-op"]
[Site "Windsor CAN"]
[Date "2016.07.12"]
[Round "3.19"]
[White "Holliman, Robert"]
[Black "Song, Sam"]
[Result "0-1"]
[WhiteElo "2050"]
[BlackElo "2316"]
[PlyCount "130"]
[EventDate "2016.07.10"]
[EventType "swiss"]
[EventRounds "9"]
[EventCountry "CAN"]

1. d4 Nf6 2. Nf3 e6 3. c4 b6 4. a3 Bb7 5. Nc3 d5 6. Bg5 Be7 7. e3 O-O 8. Bd3
Nbd7 9. O-O c5 10. cxd5 Nxd5 11. Bxe7 Qxe7 12. Nxd5 exd5 13. Rc1 c4 14. Bf5 b5
15. Bxd7 Qxd7 16. Ne5 Qd6 17. Qg4 Bc8 18. Qh4 f6 19. Nf3 Bf5 20. Nd2 Bd3 21.
Rfe1 a5 22. Qg3 Qd7 23. b3 Rfc8 24. e4 dxe4 25. Nxe4 Qxd4 26. Nd6 Rc5 27. Re7
Rg5 28. Nxb5 Qc5 29. Qf3 Rb8 30. h4 Qxe7 31. hxg5 Rxb5 32. bxc4 Rb1 33. Rxb1
Bxb1 34. gxf6 Qe1+ 35. Kh2 Qe5+ 36. Kg1 Qe1+ 37. Kh2 Qe5+ 38. Kg1 Qxf6 39. Qa8+
Qf8 40. Qxa5 Be4 41. f3 Bc6 42. Qa7 Qe8 43. Qa5 h5 44. Qc5 Kh7 45. Kf2 Qg6 46.
Qe5 Kh6 47. Qe3+ Qg5 48. Qe6+ Qf6 49. Qe3+ g5 50. Kg1 h4 51. Kf2 Kh5 52. Qa7
Kg6 53. Qe3 Qf5 54. Qe7 Qc2+ 55. Kg1 Qxc4 56. Qd6+ Kh5 57. Qf6 Qc1+ 58. Kf2
Qd2+ 59. Kg1 Qd5 60. Qg7 Qd1+ 61. Kf2 Qd2+ 62. Kg1 Qe3+ 63. Kh1 Bxf3 64. Qh8+
Kg4 65. Qc8+ Kg3 0-1

[Event "CAN-op"]
[Site "Windsor CAN"]
[Date "2016.07.12"]
[Round "3.20"]
[White "Huang, Patrick"]
[Black "Virkud, Apurva"]
[Result "0-1"]
[WhiteElo "1992"]
[BlackElo "2153"]
[PlyCount "154"]
[EventDate "2016.07.10"]
[EventType "swiss"]
[EventRounds "9"]
[EventCountry "CAN"]

1. e4 c5 2. Nf3 d6 3. d4 cxd4 4. Nxd4 Nf6 5. Nc3 a6 6. Be2 e6 7. Be3 Be7 8. O-O
Qc7 9. f4 Nc6 10. Qe1 O-O 11. Qg3 Kh8 12. Rad1 Bd7 13. Nxc6 Bxc6 14. Bd4 Rad8
15. Bd3 b5 16. e5 dxe5 17. Bxe5 Qa7+ 18. Kh1 Qb7 19. Qh3 g6 20. Rde1 Kg8 21. f5
exf5 22. Bxf5 Nh5 23. Be4 Bd6 24. Qf3 Bxe5 25. Bxc6 Qc7 26. Nd5 Rxd5 27. Bxd5
Bxh2 28. Qxf7+ Rxf7 29. Rxf7 Ng3+ 30. Kxh2 Nf1+ 31. Kg1 Qc5+ 32. Rf2+ Qxd5 33.
Rexf1 Qd4 34. c3 Qc5 35. g3 Kg7 36. Kg2 Qd5+ 37. Kg1 Qc5 38. Rd1 Qe3 39. Kg2
Qe4+ 40. Kh2 Qe5 41. Rd7+ Kg8 42. Rfd2 Qe3 43. R7d3 Qe1 44. b3 Qe4 45. Rd4 Qe5
46. c4 bxc4 47. Rxc4 Qh5+ 48. Kg2 Qe5 49. b4 Kg7 50. a4 Qe8 51. a5 Qb5 52. Rdd4
Qb7+ 53. Kh2 Qf7 54. Kg1 Qe7 55. Re4 Qd7 56. Red4 Qe7 57. Kf2 Qf6+ 58. Kg2 Qe7
59. Rc2 Qb7+ 60. Kh2 h5 61. Rd6 Qb5 62. Re6 Qf5 63. Rce2 Qb5 64. R2e4 Qd5 65.
R4e5 Qd2+ 66. Re2 Qd3 67. R2e3 Qd2+ 68. Kg1 Qd1+ 69. Kf2 Qd2+ 70. Re2 Qd4+ 71.
Kg2 Qxb4 72. Rb6 Qxa5 73. Ree6 Qd5+ 74. Kh2 Qd2+ 75. Kh3 Qd3 76. Rxa6 Qf5+ 77.
Kh4 Qg4# 0-1

[Event "CAN-op"]
[Site "Windsor CAN"]
[Date "2016.07.12"]
[Round "3.21"]
[White "Gaisinsky, Adam"]
[Black "Hua, Eugene"]
[Result "0-1"]
[WhiteElo "1994"]
[BlackElo "2215"]
[PlyCount "50"]
[EventDate "2016.07.10"]
[EventType "swiss"]
[EventRounds "9"]
[EventCountry "CAN"]

1. e4 c5 2. Nf3 Nc6 3. Nc3 e6 4. d4 cxd4 5. Nxd4 Qc7 6. g3 a6 7. Bg2 Nf6 8. O-O
Be7 9. Re1 O-O 10. Nxc6 bxc6 11. e5 Nd5 12. Ne4 Qxe5 13. c4 Nf6 14. Bg5 Qf5 15.
h4 Nxe4 16. Bxe7 Qxf2+ 17. Kh2 Qxg3+ 18. Kg1 Re8 19. Rxe4 Rxe7 20. Rg4 Qe3+ 21.
Kh1 d5 22. Qf1 e5 23. Re1 Qh6 24. Rg3 Qxh4+ 25. Rh3 Bxh3 0-1

[Event "CAN-op"]
[Site "Windsor CAN"]
[Date "2016.07.12"]
[Round "3.22"]
[White "MacDonald, Jonathan"]
[Black "Daniluk, Jim"]
[Result "1-0"]
[WhiteElo "2049"]
[BlackElo "1963"]
[PlyCount "49"]
[EventDate "2016.07.10"]
[EventType "swiss"]
[EventRounds "9"]
[EventCountry "CAN"]

1. e4 c5 2. Nf3 Nc6 3. Bb5 Na5 4. c3 a6 5. Be2 Nf6 6. e5 Nd5 7. d4 cxd4 8. cxd4
Qc7 9. O-O g6 10. Bd2 Nc4 11. Nc3 Nxc3 12. Bxc3 Bg7 13. Rc1 b5 14. b3 Nb6 15.
d5 Qb7 16. e6 Bxc3 17. exf7+ Kd8 18. Rxc3 Qxd5 19. Qa1 Rf8 20. Ne5 d6 21. Nc6+
Kd7 22. Bg4+ e6 23. Nd4 Qg5 24. Bxe6+ Kd8 25. Bxc8 1-0

[Event "CAN-op"]
[Site "Windsor CAN"]
[Date "2016.07.13"]
[Round "4.9"]
[White "Agbabishvili, Lali"]
[Black "Humphreys, Michael"]
[Result "1/2-1/2"]
[WhiteElo "2012"]
[BlackElo "2206"]
[PlyCount "54"]
[EventDate "2016.07.10"]
[EventType "swiss"]
[EventRounds "9"]
[EventCountry "CAN"]

1. Nf3 g6 2. g3 Bg7 3. Bg2 c5 4. O-O Nc6 5. d3 e6 6. e4 Nge7 7. Nc3 d5 8. exd5
exd5 9. Re1 O-O 10. Bf4 h6 11. h4 Bg4 12. Qd2 Kh7 13. Ne5 Bxe5 14. Bxe5 f6 15.
Bf4 g5 16. hxg5 hxg5 17. Bxg5 fxg5 18. Qxg5 Qd7 19. Nxd5 Nxd5 20. Bxd5 Rae8 21.
Be4+ Bf5 22. Bxf5+ Rxf5 23. Qh4+ Kg6 24. Qg4+ Kf6 25. Qh4+ Kg6 26. Qg4+ Kf6 27.
Qh4+ Kg6 1/2-1/2

[Event "CAN-op"]
[Site "Windsor CAN"]
[Date "2016.07.13"]
[Round "4.11"]
[White "Sohal, Tanraj"]
[Black "Karlow, Nick"]
[Result "1-0"]
[WhiteElo "2425"]
[BlackElo "2053"]
[PlyCount "61"]
[EventDate "2016.07.10"]
[EventType "swiss"]
[EventRounds "9"]
[EventCountry "CAN"]

1. d4 Nf6 2. c4 d6 3. Nf3 Nbd7 4. Nc3 e5 5. e4 g6 6. Be2 Bg7 7. O-O O-O 8. Qc2
c6 9. Rd1 Qe7 10. d5 c5 11. Ne1 Ne8 12. g3 f5 13. Ng2 f4 14. Bg4 h5 15. Be6+
Kh7 16. Rd3 Bh6 17. g4 Ng7 18. h3 f3 19. Bxh6 Kxh6 20. Qd2+ Kh7 21. Ne1 Nxe6
22. dxe6 hxg4 23. exd7 Qh4 24. dxc8=Q Raxc8 25. Nxf3 gxf3 26. Kh2 Rf4 27. Rg1
Rcf8 28. Rxd6 g5 29. Rg3 Rg8 30. Nd5 Kh8 31. Nxf4 1-0

[Event "CAN-op"]
[Site "Windsor CAN"]
[Date "2016.07.13"]
[Round "4.12"]
[White "Song, Sam"]
[Black "Teh, Aron"]
[Result "0-1"]
[WhiteElo "2316"]
[BlackElo "2328"]
[PlyCount "142"]
[EventDate "2016.07.10"]
[EventType "swiss"]
[EventRounds "9"]
[EventCountry "CAN"]

1. e4 e5 2. Nf3 Nc6 3. d4 exd4 4. Nxd4 Nf6 5. Nxc6 bxc6 6. Qe2 Qe7 7. Nc3 Qe6
8. a3 a5 9. Bf4 Ba6 10. Qe3 Bxf1 11. Rxf1 d6 12. O-O-O Be7 13. h3 Nd7 14. Bg3
O-O 15. f4 Rfe8 16. Qd4 Nb6 17. e5 Qc4 18. f5 Qxd4 19. Rxd4 Bg5+ 20. Kb1 dxe5
21. Re4 f6 22. h4 Bd2 23. Be1 Rad8 24. g4 Bxe1 25. Rfxe1 Rd2 26. Ne2 Kf7 27.
Nf4 Red8 28. Ne6 R8d7 29. R1e3 Rd1+ 30. Ka2 Rc1 31. Rc3 Rd2 32. Rxc6 Rdxc2 33.
Rxc2 Rxc2 34. Kb1 Rh2 35. h5 Rh1+ 36. Kc2 Rh2+ 37. Kb1 Rh1+ 38. Kc2 g6 39.
hxg6+ hxg6 40. Nd8+ Kg7 41. Ne6+ Kf7 42. Nd8+ Kg8 43. fxg6 Rh2+ 44. Kc1 Kg7 45.
Ne6+ Kxg6 46. Nxc7 Rh8 47. Nb5 Rc8+ 48. Nc3 Nc4 49. Kc2 Kg5 50. b4 axb4 51.
axb4 Nd6 52. Re3 Kf4 53. Rd3 Nb5 54. Kb3 Nd4+ 55. Ka3 Kxg4 56. Nd5 f5 57. Nb6
Rd8 58. Rb3 e4 59. Re3 Kf4 60. Nc4 Nb5+ 61. Kb3 Rc8 62. Rh3 Nd4+ 63. Kc3 Nf3
64. Kb3 e3 65. Nxe3 Kxe3 66. b5 f4 67. Ka4 Ke4 68. b6 Nd4 69. Ka5 Ra8+ 70. Kb4
f3 71. Kc5 Rc8+ 0-1

[Event "CAN-op"]
[Site "Windsor CAN"]
[Date "2016.07.13"]
[Round "4.13"]
[White "Li, Ben"]
[Black "Hua, Eugene"]
[Result "0-1"]
[WhiteElo "2219"]
[BlackElo "2215"]
[PlyCount "126"]
[EventDate "2016.07.10"]
[EventType "swiss"]
[EventRounds "9"]
[EventCountry "CAN"]

1. d4 Nf6 2. c4 e6 3. Nf3 d5 4. Nc3 Be7 5. Bf4 O-O 6. a3 b6 7. e3 Ba6 8. Ne5 c5
9. dxc5 bxc5 10. Be2 Qb6 11. Qc2 Nc6 12. O-O Nxe5 13. Bxe5 Rfd8 14. Na4 Qb7 15.
Bxf6 gxf6 16. cxd5 Bxe2 17. Qxe2 Rxd5 18. Nc3 Rg5 19. f4 Rg6 20. Rf2 f5 21. Rd1
Bf6 22. Na4 Rc8 23. Qc4 Qc7 24. Rc1 Qa5 25. Kf1 Rg4 26. Rfc2 Be7 27. Rd1 Rd8
28. Rxd8+ Qxd8 29. Qe2 Qd5 30. Nc3 Qb3 31. Rc1 Bf6 32. Nd1 Qd5 33. Nc3 Qb3 34.
Qc2 Qc4+ 35. Kg1 h5 36. Na4 Qb5 37. b3 Be7 38. Qc4 Qd7 39. Qc2 h4 40. Rd1 Qb7
41. h3 Rg3 42. Rd3 Qe4 43. Qe2 Qc6 44. Nb2 Bf6 45. Nc4 Kg7 46. Rd6 Qe4 47. Rd7
Bd4 48. Rxf7+ Kg6 49. Kh2 Rxe3 50. Nxe3 Bxe3 51. Qd1 Bxf4+ 52. Kh1 Kxf7 53.
Qd7+ Kf6 54. Qd8+ Ke5 55. Qh8+ Kd5 56. Qd8+ Bd6 57. Qa8+ Kd4 58. Qh8+ e5 59.
Qd8 Qe1+ 60. Kh2 Qg3+ 61. Kh1 e4 62. Qf6+ Be5 63. Qd8+ Ke3 0-1

[Event "CAN-op"]
[Site "Windsor CAN"]
[Date "2016.07.13"]
[Round "4.15"]
[White "Kiraly, Istvan"]
[Black "Fan, Run Kun"]
[Result "0-1"]
[WhiteElo "2245"]
[BlackElo "2074"]
[PlyCount "54"]
[EventDate "2016.07.10"]
[EventType "swiss"]
[EventRounds "9"]
[EventCountry "CAN"]

1. d4 d5 2. Nf3 c6 3. Bf4 Nf6 4. e3 e6 5. Bd3 Bd6 6. Nbd2 Bxf4 7. exf4 Qd6 8.
g3 b6 9. Qe2 O-O 10. c3 c5 11. Qe5 Qe7 12. Qg5 Ba6 13. Bc2 Nc6 14. Ne5 Rfc8 15.
Ndf3 h6 16. Qh4 cxd4 17. Nxc6 Rxc6 18. Nxd4 Rc4 19. O-O-O Qc7 20. Rhe1 Rc8 21.
Re3 Ne4 22. Bxe4 dxe4 23. Kb1 Ra4 24. b3 Ra5 25. Kb2 Bd3 26. Rc1 Rc5 27. c4 b5
0-1

[Event "CAN-op"]
[Site "Windsor CAN"]
[Date "2016.07.13"]
[Round "4.18"]
[White "Chernik, Dmitry"]
[Black "McNamara, Tanner"]
[Result "0-1"]
[WhiteElo "2095"]
[BlackElo "2047"]
[PlyCount "102"]
[EventDate "2016.07.10"]
[EventType "swiss"]
[EventRounds "9"]
[EventCountry "CAN"]

1. e4 e5 2. Nf3 Nc6 3. Bb5 a6 4. Bxc6 dxc6 5. d4 exd4 6. Qxd4 Qxd4 7. Nxd4 Bd7
8. Be3 O-O-O 9. Nc3 c5 10. Nde2 Bc6 11. O-O Nf6 12. f3 b6 13. Rad1 Be7 14.
Rxd8+ Rxd8 15. Rd1 Rxd1+ 16. Nxd1 Nd7 17. Kf2 b5 18. b3 Nb6 19. Bc1 c4 20. Bb2
cxb3 21. cxb3 Bf8 22. Nf4 Bd7 23. Ne3 b4 24. Nfd5 Nxd5 25. Nxd5 Kb7 26. Ke3 Bb5
27. Kf4 Bd3 28. Ke3 Bb1 29. Kd2 c6 30. Ne3 Bxa2 31. Kc2 a5 32. g4 a4 33. bxa4
Kb6 34. Be5 f6 35. Ba1 Ka5 36. e5 fxe5 37. Bxe5 Be6 38. f4 Kxa4 39. f5 Bg8 40.
g5 Ka3 41. Kb1 Kb3 42. h4 Bf7 43. Ng2 Bd5 44. Nf4 Be4+ 45. Ka1 Bxf5 46. Nh5 g6
47. Ng3 Bd3 48. h5 Be7 49. hxg6 hxg6 50. Bf6 Bxf6+ 51. gxf6 Kc2 0-1

[Event "CAN-op"]
[Site "Windsor CAN"]
[Date "2016.07.13"]
[Round "4.19"]
[White "Sivapathasundaram, Manojh"]
[Black "MacDonald, Jonathan"]
[Result "0-1"]
[WhiteElo "1985"]
[BlackElo "2049"]
[PlyCount "92"]
[EventDate "2016.07.10"]
[EventType "swiss"]
[EventRounds "9"]
[EventCountry "CAN"]

1. d4 Nf6 2. c4 c5 3. d5 b5 4. cxb5 a6 5. bxa6 Bxa6 6. Nc3 d6 7. g3 g6 8. Bg2
Bg7 9. Nf3 O-O 10. O-O Nbd7 11. Re1 Ng4 12. e4 h6 13. Bf4 Qb6 14. Qd2 Kh7 15.
Bh3 Nde5 16. Bxg4 Nxg4 17. h3 Nf6 18. e5 Ng8 19. e6 f5 20. Kg2 Rab8 21. Rab1
Nf6 22. b3 Nh5 23. Ne2 Qb5 24. h4 Qb4 25. Qxb4 Rxb4 26. Bd2 Rb6 27. Nf4 Nxf4+
28. Bxf4 Rfb8 29. Nd2 Bd3 30. Rbc1 Bb2 31. Rc4 Ra6 32. Rxc5 Re8 33. Rc7 Bf6 34.
a4 g5 35. hxg5 hxg5 36. Be3 Ra5 37. Rh1+ Kg6 38. Rhc1 Rxd5 39. b4 f4 40. gxf4
gxf4 41. Bb6 Be2 42. Ne4 f3+ 43. Kg3 Be5+ 44. Kg4 Rg8 45. Rxe7 Kh6+ 46. Kh3 Bd4
0-1

[Event "CAN-op"]
[Site "Windsor CAN"]
[Date "2016.07.13"]
[Round "4.20"]
[White "D'Amore, Tyler"]
[Black "Chehayeb, Salah"]
[Result "0-1"]
[WhiteElo "1946"]
[BlackElo "2015"]
[PlyCount "66"]
[EventDate "2016.07.10"]
[EventType "swiss"]
[EventRounds "9"]
[EventCountry "CAN"]

1. e4 c5 2. Nf3 d5 3. exd5 Qxd5 4. Nc3 Qd8 5. Bc4 Nf6 6. Ne5 e6 7. O-O a6 8. a4
Be7 9. d3 O-O 10. Qf3 Nfd7 11. Nxf7 Rxf7 12. Bxe6 Nf6 13. Bxf7+ Kxf7 14. Bf4
Nc6 15. h3 Nd4 16. Qd1 Bd7 17. Ne2 Ne6 18. Bh2 Bc6 19. b3 Qd5 20. f3 Nh5 21. g4
Nf6 22. c4 Qd7 23. Ra2 Rd8 24. Rd2 Kg8 25. Be5 b6 26. Kg2 h5 27. Kg1 Ng5 28.
Nf4 Bd6 29. Bxd6 Qxd6 30. h4 Qd4+ 31. Kh1 Qxf4 32. hxg5 Nxg4 33. Qe2 Re8 0-1

[Event "CAN-op"]
[Site "Windsor CAN"]
[Date "2016.07.13"]
[Round "4.21"]
[White "Ruelland, Geoffrey"]
[Black "Gaisinsky, Adam"]
[Result "1-0"]
[WhiteElo "2106"]
[BlackElo "1994"]
[PlyCount "59"]
[EventDate "2016.07.10"]
[EventType "swiss"]
[EventRounds "9"]
[EventCountry "CAN"]

1. e4 c6 2. d4 d5 3. exd5 cxd5 4. Bd3 Nc6 5. c3 Nf6 6. Bf4 Bg4 7. Qb3 Qd7 8.
Nd2 e6 9. Ngf3 Be7 10. Ne5 Qc8 11. Nxg4 Nxg4 12. Nf3 a6 13. a4 O-O 14. O-O Rd8
15. Qc2 h6 16. h3 Nf6 17. Rae1 Na7 18. Qe2 Qc6 19. Ne5 Qxa4 20. Nxf7 Qc6 21.
Ne5 Qb6 22. Ng6 Re8 23. Bb1 Bd6 24. Ne5 Bxe5 25. Bxe5 Nh7 26. Qg4 Re7 27. Re3
Nc6 28. Bd6 Nf6 29. Qg6 Ree8 30. Rg3 1-0

[Event "CAN-op"]
[Site "Windsor CAN"]
[Date "2016.07.13"]
[Round "4.22"]
[White "Beider, Andrew"]
[Black "Huang, Patrick"]
[Result "0-1"]
[WhiteElo "2069"]
[BlackElo "1992"]
[PlyCount "98"]
[EventDate "2016.07.10"]
[EventType "swiss"]
[EventRounds "9"]
[EventCountry "CAN"]

1. Nf3 Nf6 2. c4 c6 3. e3 g6 4. b3 Bg7 5. Bb2 O-O 6. d3 d6 7. Be2 Qc7 8. Nbd2
e5 9. h3 a5 10. O-O h6 11. Qc2 Be6 12. Rfe1 Na6 13. a3 Nd7 14. d4 f5 15. dxe5
dxe5 16. Rad1 Rad8 17. Bf1 Ndc5 18. Bc3 g5 19. b4 axb4 20. axb4 Ne4 21. Nxe4
fxe4 22. Rxd8 Qxd8 23. Nd2 Qe7 24. Rb1 Qf7 25. Nxe4 Bf5 26. Bd3 Bxe4 27. Bxe4
Qxc4 28. Bd3 Qh4 29. f3 Nc7 30. Qb3+ Kh8 31. e4 Qf4 32. Re1 h5 33. Qb2 Qg3 34.
Rf1 Ne6 35. Qf2 Qxf2+ 36. Kxf2 Nf4 37. Bc2 Ra8 38. Ra1 Rxa1 39. Bxa1 h4 40. Bc3
Bf6 41. Bb1 b5 42. Bc2 Kg7 43. Kf1 Kf7 44. Bd2 Be7 45. Kf2 Kf6 46. Kf1 Ne6 47.
Ke2 Nc7 48. Bb3 Na6 49. Kd3 Bxb4 0-1

[Event "CAN-op"]
[Site "Windsor CAN"]
[Date "2016.07.13"]
[Round "4.23"]
[White "Daniluk, Jim"]
[Black "Holliman, Robert"]
[Result "1-0"]
[WhiteElo "1963"]
[BlackElo "2050"]
[PlyCount "67"]
[EventDate "2016.07.10"]
[EventType "swiss"]
[EventRounds "9"]
[EventCountry "CAN"]

1. d4 d5 2. Nf3 c6 3. c4 Nf6 4. Nc3 dxc4 5. e4 b5 6. e5 Nd5 7. a4 Nxc3 8. bxc3
e6 9. Qc2 Bb7 10. Be2 a6 11. O-O h6 12. Rb1 Qc7 13. Qe4 Nd7 14. Qg4 Nb6 15.
axb5 cxb5 16. Be3 h5 17. Qh3 Be4 18. Ng5 Bf5 19. g4 Bxb1 20. Rxb1 Nd5 21. Bd2
Be7 22. Ne4 h4 23. g5 O-O-O 24. g6 fxg6 25. Qxe6+ Kb7 26. Bf3 Ka7 27. Nd6 Bxd6
28. Bxd5 Ba3 29. Be4 Rhe8 30. Qxg6 Qb6 31. Qf7+ Re7 32. Qf4 Rc7 33. Qxh4 b4 34.
Qxd8 1-0

[Event "CAN-op"]
[Site "Windsor CAN"]
[Date "2016.07.14"]
[Round "5.9"]
[White "Plotkin, Victor"]
[Black "Virkud, Apurva"]
[Result "1/2-1/2"]
[WhiteElo "2309"]
[BlackElo "1913"]
[PlyCount "142"]
[EventDate "2016.07.10"]
[EventType "swiss"]
[EventRounds "9"]
[EventCountry "CAN"]

1. e4 c5 2. c3 Nf6 3. e5 Nd5 4. d4 cxd4 5. Nf3 Nc6 6. Bc4 Nb6 7. Bb3 d5 8. exd6
Qxd6 9. O-O Be6 10. Bxe6 Qxe6 11. Nxd4 Nxd4 12. Qxd4 Rd8 13. Qe3 Qxe3 14. Bxe3
e6 15. Nd2 Be7 16. Bxb6 axb6 17. Rfd1 O-O 18. Kf1 g6 19. a4 Rc8 20. Nf3 Rc7 21.
Rd4 Bc5 22. Rd3 Ra8 23. c4 Re8 24. Rad1 Ree7 25. Ne5 f6 26. Nd7 Kg7 27. Nxc5
bxc5 28. Rd6 Kf7 29. Ke2 f5 30. R1d3 e5 31. g3 Re6 32. R6d5 Kf6 33. a5 Ra6 34.
Rd6+ Rxd6 35. Rxd6+ Ke7 36. Rb6 Rd7 37. f3 Kf7 38. h4 Ke7 39. Ke3 Kd8 40. Rb5
Rc7 41. g4 Kc8 42. gxf5 gxf5 43. h5 Rc6 44. b4 cxb4 45. Rxe5 Rxc4 46. Rxf5 b3
47. Rb5 Rc3+ 48. Ke4 Rc4+ 49. Kf5 Kc7 50. Kg5 Kc6 51. Rb6+ Kc7 52. Rxb3 Rc5+
53. Kh6 Rxa5 54. f4 Rf5 55. Kxh7 Rxh5+ 56. Kg6 Rh8 57. f5 Kc6 58. f6 b5 59. f7
Kc5 60. Re3 Rf8 61. Re8 Rxf7 62. Kxf7 Kc4 63. Re4+ Kc3 64. Ke6 b4 65. Kd5 b3
66. Re3+ Kc2 67. Kc4 b2 68. Re2+ Kb1 69. Re7 Kc2 70. Re2+ Kb1 71. Kc3 Ka1
1/2-1/2

[Event "CAN-op"]
[Site "Windsor CAN"]
[Date "2016.07.14"]
[Round "5.11"]
[White "Humphreys, Michael"]
[Black "Li, Yinshi"]
[Result "0-1"]
[WhiteElo "2341"]
[BlackElo "2198"]
[PlyCount "110"]
[EventDate "2016.07.10"]
[EventType "swiss"]
[EventRounds "9"]
[EventCountry "CAN"]

1. c4 c6 2. Nf3 Nf6 3. d4 d5 4. e3 e6 5. Bd3 Nbd7 6. O-O dxc4 7. Bxc4 b5 8. Bd3
a6 9. a4 b4 10. Nbd2 c5 11. Qe2 Bb7 12. Rd1 Be7 13. Nc4 O-O 14. Bd2 cxd4 15.
exd4 a5 16. Bg5 Nb6 17. Nce5 h6 18. Bd2 Rc8 19. Ba6 Qd5 20. Bxb7 Qxb7 21. Qb5
Rfd8 22. Rac1 Rxc1 23. Rxc1 Rd5 24. Qc6 Qxc6 25. Nxc6 Bd6 26. b3 Ne4 27. Kf1
Rf5 28. Be1 g5 29. Nfe5 f6 30. Nc4 Nxc4 31. bxc4 Kf7 32. Ke2 g4 33. c5 Bc7 34.
Rc2 Rd5 35. f3 gxf3+ 36. gxf3 Ng5 37. Bg3 e5 38. Ke3 Ne6 39. dxe5 fxe5 40. Ke4
Rxc5 41. Kd3 Nf4+ 42. Bxf4 Rxc2 43. Kxc2 exf4 44. Kd3 Kf6 45. Nd4 Bb6 46. Nb3
Kg5 47. Ke4 Bc7 48. Nd4 Kh4 49. Nf5+ Kh3 50. Nxh6 b3 51. Kd3 Kxh2 52. Nf5 Kg2
53. Kc3 Kxf3 54. Kxb3 Ke4 55. Nh4 f3 0-1

[Event "CAN-op"]
[Site "Windsor CAN"]
[Date "2016.07.14"]
[Round "5.15"]
[White "McNamara, Tanner"]
[Black "Kiraly, Istvan"]
[Result "1/2-1/2"]
[WhiteElo "2047"]
[BlackElo "2245"]
[PlyCount "120"]
[EventDate "2016.07.10"]
[EventType "swiss"]
[EventRounds "9"]
[EventCountry "CAN"]

1. d4 Nf6 2. c4 g6 3. Nc3 d5 4. cxd5 Nxd5 5. e4 Nxc3 6. bxc3 Bg7 7. Nf3 c5 8.
Rb1 Nc6 9. d5 Ne5 10. Nxe5 Bxe5 11. Qd2 Qa5 12. Rb3 O-O 13. Be2 e6 14. f4 Bg7
15. d6 Bd7 16. e5 Bc6 17. O-O c4 18. Bxc4 b5 19. Be2 f6 20. exf6 Bxf6 21. c4
Qb6+ 22. Kh1 Rad8 23. Qe3 Qxe3 24. Rxe3 bxc4 25. Bxc4 Bd5 26. Bxd5 exd5 27. Ba3
d4 28. Re6 Rde8 29. Rxe8 Rxe8 30. Bc5 Re2 31. d7 d3 32. Rd1 Rxa2 33. Rxd3 Ra1+
34. Bg1 Bd8 35. g3 Kf7 36. Kg2 Ke6 37. Bc5 a5 38. Rd6+ Kf7 39. Kf3 a4 40. Ra6
Rd1 41. Rxa4 Rxd7 42. Ke4 Rc7 43. Bd4 Rd7 44. Ra6 h5 45. Rc6 Be7 46. Rc8 Bf8
47. h3 Be7 48. g4 hxg4 49. hxg4 Bf8 50. Rc2 Bg7 51. Be5 Rb7 52. Rc4 Ra7 53. Bc7
Rb7 54. Kd5 Rb3 55. Be5 Rd3+ 56. Bd4 Bxd4 57. Rxd4 Rg3 58. g5 Ra3 59. Ke5 Ra7
60. Rd6 Ra5+ 1/2-1/2

[Event "CAN-op"]
[Site "Windsor CAN"]
[Date "2016.07.14"]
[Round "5.16"]
[White "Karlow, Nick"]
[Black "Li, Ben"]
[Result "0-1"]
[WhiteElo "2053"]
[BlackElo "2219"]
[PlyCount "72"]
[EventDate "2016.07.10"]
[EventType "swiss"]
[EventRounds "9"]
[EventCountry "CAN"]

1. Nf3 d5 2. b3 Bg4 3. Bb2 Nd7 4. g3 e6 5. Bg2 Ngf6 6. O-O Bd6 7. d3 O-O 8.
Nbd2 c6 9. e4 e5 10. h3 Bh5 11. Qe1 Re8 12. Nh4 a5 13. f4 dxe4 14. dxe4 exf4
15. gxf4 Bg6 16. Nxg6 hxg6 17. Rd1 Qb8 18. Qf2 Bc5 19. Bd4 Qa7 20. Bxc5 Nxc5
21. e5 Nd5 22. Bxd5 cxd5 23. Nf3 Rad8 24. Kg2 b6 25. Qh4 Ne4 26. c4 Qa8 27.
Rfe1 a4 28. Rxd5 Rxd5 29. Rxe4 Rd1 30. Ng5 axb3 31. e6 Qxa2+ 32. Kf3 Rd3+ 33.
Re3 Rxe3+ 34. Kxe3 Qb2 35. Kf3 Qc3+ 36. Kg4 f5# 0-1